| 000 | 00791am a2200289a 44500 | ||
|---|---|---|---|
| 003 | AR-BaBNM | ||
| 005 | 20251128211147.0 | ||
| 008 | 253020s1997 #AR|||||||||||000 | esp|| | ||
| 020 | _a950-595-144-2 | ||
| 040 | _cAR-BaBNM | ||
| 100 | 1 | _aMaturo, Graciela | |
| 245 | 1 | 0 |
_aLa identidad latinoamericana _bproblemas y destino de una comunidad |
| 260 |
_aBuenos Aires _bTekne _c1997 |
||
| 300 | _a224 p. | ||
| 490 | 0 | _aTemas literarios | |
| 500 | _aContiene referencias bibliográficas en p. 229-224 | ||
| 650 | 4 | _aLITERATURA LATINOAMERICANA | |
| 650 | 4 | _aCRITICA LITERARIA | |
| 650 | 4 | _aIDENTIDAD CULTURAL | |
| 650 | 4 | _aIGLESIA Y SOCIEDAD | |
| 650 | 4 | _aHUMANISMO | |
| 651 | 4 | _aAmérica Latina | |
| 653 | _aMITOS | ||
| 655 | _aLITERATURA | ||
| 942 | _cBK | ||
| 998 | _cMariana | ||
| 999 |
_c18514 _d18514 |
||